Anuario comercial de España 2000 (Registro nro. 10365)
[ vista simple ]
| 000 -CABECERA | |
|---|---|
| Longitud fija campo de control | 01386nam a2200409 c 4500 |
| 001 - NÚMERO DE CONTROL | |
| Número de control | 10365 |
| 003 - IDENTIFICADOR DE NÚMERO DE CONTROL | |
| Identificador del número de control | ES-MaCES |
| 005 - FECHA Y HORA DE LA ÚLTIMA TRANSACCIÓN | |
| Fecha y hora de la última transacción | 20141221122050.0 |
| 008 - CAMPO FIJO DE DESCRIPCIÓN FIJA--INFORMACIÓN GENERAL | |
| Códigos de información de longitud fija | 000314s1999 sp bd s 000 | spa d |
| 017 ## - NÚMERO DE REGISTRO DE DERECHOS DE AUTOR Y DEPÓSITO LEGAL | |
| Número de copyright o de depósito legal | B 49597-1999 |
| Agencia que asigna el número | DL |
| 020 ## - ISBN (INTERNATIONAL STANDARD BOOK NUMBER) | |
| Número Internacional Normalizado para Libros (ISBN) | 8488099509 |
| 035 ## - NÚMERO DE CONTROL DEL SISTEMA | |
| Número de control del sistema | CES20000003799m |
| 040 ## - FUENTE DE CATALOGACIÓN | |
| Centro catalogador de origen | ES-MaCES |
| Lengua de catalogación | spa |
| Centro transcriptor | ES-MaCES |
| 245 00 - MENCIÓN DE TÍTULO | |
| Título | Anuario comercial de España 2000 |
| 260 ## - PUBLICACIÓN, DISTRIBUCIÓN, ETC (PIE DE IMPRENTA) | |
| Lugar de publicación, distribución, etc. | Barcelona |
| Nombre del editor, distribuidor, etc. | Caja de Ahorros y Pensiones de Barcelona, Servicio de Estudios |
| Fecha de publicación, distribución, etc. | [1999] |
| 300 ## - DESCRIPCIÓN FÍSICA | |
| Extensión | 450 p. |
| Otras características físicas | gráf., map. col. |
| Dimensiones | 29 cm |
| Material anejo | 1 CD-ROM |
| 500 ## - NOTA GENERAL | |
| Nota general | A partir de 2001 pasa a llamarse: Anuario económico de España |
| 500 ## - NOTA GENERAL | |
| Nota general | Disponible también en CD |
| 541 ## - NOTA DE LA FUENTE INMEDIANTE DE ADQUISICIÓN | |
| Forma de adquisición | Gratuito |
| 650 #4 - ASIENTO SECUNDARIO DE MATERIA--TÉRMINO DE MATERIA | |
| Término de materia o nombre geográfico como elemento inicial | mercado interior |
| 9 (RLIN) | 27898 |
| 650 #4 - ASIENTO SECUNDARIO DE MATERIA--TÉRMINO DE MATERIA | |
| Término de materia o nombre geográfico como elemento inicial | estudio de mercado |
| 9 (RLIN) | 27924 |
| 650 #4 - ASIENTO SECUNDARIO DE MATERIA--TÉRMINO DE MATERIA | |
| Término de materia o nombre geográfico como elemento inicial | consumidor |
| 9 (RLIN) | 27902 |
| 650 #4 - ASIENTO SECUNDARIO DE MATERIA--TÉRMINO DE MATERIA | |
| Término de materia o nombre geográfico como elemento inicial | comercio |
| 9 (RLIN) | 27943 |
| 650 #4 - ASIENTO SECUNDARIO DE MATERIA--TÉRMINO DE MATERIA | |
| Término de materia o nombre geográfico como elemento inicial | ventas |
| 9 (RLIN) | 29072 |
| 650 #4 - ASIENTO SECUNDARIO DE MATERIA--TÉRMINO DE MATERIA | |
| Término de materia o nombre geográfico como elemento inicial | España |
| 9 (RLIN) | 26964 |
| 650 #4 - ASIENTO SECUNDARIO DE MATERIA--TÉRMINO DE MATERIA | |
| Término de materia o nombre geográfico como elemento inicial | Comunidades Autónomas |
| 9 (RLIN) | 30768 |
| 650 #4 - ASIENTO SECUNDARIO DE MATERIA--TÉRMINO DE MATERIA | |
| Término de materia o nombre geográfico como elemento inicial | 2000 |
| 9 (RLIN) | 30991 |
| 650 #4 - ASIENTO SECUNDARIO DE MATERIA--TÉRMINO DE MATERIA | |
| Término de materia o nombre geográfico como elemento inicial | anuario |
| 9 (RLIN) | 28963 |
| 650 #4 - ASIENTO SECUNDARIO DE MATERIA--TÉRMINO DE MATERIA | |
| Término de materia o nombre geográfico como elemento inicial | datos estadísticos |
| 9 (RLIN) | 30765 |
| 653 10 - TÉRMINO DE INDEXACIÓN--NO CONTROLADO | |
| Término no controlado | Estadísticas económico-sociales |
| 710 2# - ENCABEZAMIENTO SECUNDARIO--NOMBRE CORPORATIVO | |
| Nombre de entidad o nombre de jurisdicción como elemento inicial | Caja de Ahorros y Pensiones de Barcelona |
| Término indicativo de función | ed. |
| 9 (RLIN) | 1688 |
| 787 0# - ENTRADA DE OTRAS ESPECIFICACIONES | |
| Título | Anuario económico de España 2001 |
| Número de control del registro relacionado | (ES-MaCES)12335 |
| 787 0# - ENTRADA DE OTRAS ESPECIFICACIONES | |
| Título | Anuario comercial de España 1999 |
| Número de control del registro relacionado | (ES-MaCES)8359 |
| 902 ## - CES. TIPO DE DOCUMENTO | |
| Tipodoc (006$c Sirtex) | LIB Libro |
| 942 ## - ELEMENTOS KOHA | |
| Fuente de clasificaión o esquema | Clasificación propia del CES |
| Koha [por defecto] tipo de item | Monografías |
| Parte de clasificación | 8.2. |
| Número de registro | Signatura completa | Tipo de item de Koha |
|---|---|---|
| 035082 | DPT-1230 | Monografías |
| 035084 | SR-CD-32 | Monografías |
